Optimálne plánovanie trasy pre heterogénne multi-vozidlové systémy dizertačná práca

Saved in:
Bibliographic Details
Main Author: Blažek, Slavomír
Format: Book
Language:Slovak
Published: Bratislava STU FCHPT 2016
Online Access:View in OPAC
Tags: Add Tag
No Tags, Be the first to tag this record!

MARC

LEADER 00000nam a2200000 a 4500
005 20260127134203.0
008 200226 2016 xo a 001 0 slo d
035 |a vtls011920193 
039 9 |y 202002261124  |z mschk03 
040 |a STUSCHK1  |b slo  |c STUSCHK1  |e AACR2 
100 1 |a Blažek, Slavomír 
245 1 |a Optimálne plánovanie trasy pre heterogénne multi-vozidlové systémy  |b dizertačná práca  |c Slavomír Blažek 
260 |a Bratislava  |b STU FCHPT  |c 2016 
300 |a 129 s.  |b Obr., tab.  |c 25 cm 
500 |a Študijný program: riadenie procesov 
500 |a Študijný odbor: automatizácia 
500 |a Školiace pracovisko: Ústav informatizácie, automatizácie a matematiky 
500 |a Evid. číslo: FCHPT-10881-17549 
910 |a SCHK95 
999 |c 6183  |d 6183